000 00328pam a2200157a 44500
008 230515b1934 xxu||||| |||| 00| 0 eng d
020 _aNULL
041 _aHINDI
082 _a1
100 _aKIJAWADEKAR
245 _aSUBHNTPRKARAN
250 _a1
260 _aNA
_bN.D.
_c1934
300 _a100
650 _aSUBHNTPRKARAN
999 _c496961
_d496961